000 00303nam a22001337a 4500
008 170516b xxu||||| |||| 00| 0 eng d
020 _a2900618992408
041 _aeng
080 _24TH
_a94 (100)
100 _a16
101 _aSHH
245 _aTHE EARTH AND IT'S PEOPLE
_cBULLIET
942 _2udc
_cBK
999 _c13397
_d13397